000 00502nam a2200181 a 4500
005 20221021160053.0
008 991125s1992 mx 000 0 spa u
020 _a8484001431
035 _aUPN01000012773
049 _aI
050 4 _aPZ73
_bC8
245 0 0 _aCuentos y leyendas de amor para niños.
260 _aMéxico :
_bCIDCLI :
_aSEP,
_c1992.
300 _a110 p.
650 0 _aAnimales
_vCuentos y leyendas
_9234
650 7 _aCuentos infantiles latinoamericanos
_2
_911546
905 _aInfantil
999 _c12773
_d12773